| 000 | 01250cas a2200325 a 4500 | ||
|---|---|---|---|
| 001 | 11148293 | ||
| 005 | 20070327084923.0 | ||
| 008 | 790411c188u9999ohu x 0 a0eng d | ||
| 010 | _a 55002812 | ||
| 022 | 0 |
_a1556-5173 _21 |
|
| 035 | _a(OCoLC)ocm04845415 | ||
| 037 |
_bBabcock & Wilcox, 20 S. Van Buren Ave., Barberton, OH 44203 _c$95.00 |
||
| 040 |
_aIU _cIU _dDLC _dOCoLC _dOCoLC _dNSDP _dOCoLC _dDLC |
||
| 042 |
_alc _ansdp |
||
| 050 | 0 | 0 |
_aTJ315.B2 _bA15 |
| 082 | 0 |
_a621.105 _222 _bSTE |
|
| 130 | 0 |
_aSteam (New York, N.Y.) _97328 |
|
| 222 | 0 |
_aSteam _b(New York, N.Y.) |
|
| 245 | 1 | 0 |
_aSteam : _bits generation and use its generation and use/ _cThe Babcock and Wilcox Company. |
| 260 |
_aNew York : _bThe Company _c1972 |
||
| 300 |
_a1 v. : _bill. ; _c24 cm. |
||
| 310 | _aIrregular | ||
| 650 | 0 |
_aSteam-boilers, Water-tube _vPeriodicals. _97329 |
|
| 710 | 2 |
_aBabcock & Wilcox Company. _97330 |
|
| 780 | 0 | 0 | _tUseful information pertaining to the generation and use of steam |
| 942 |
_2ddc _cBB |
||
| 999 |
_c12141 _d12141 |
||